Statistics for All US National Park Sites by Proximity

Click here to take the quiz!

General Stats

  • This quiz has been taken 3,360 times
    (1,696 since last reset)
  • The average score is 228 of 423

Answers on the Map

Answers color-coded by a green-red scale on the quiz's map according to % correct below.
 

Answer Stats

SiteAnswer% Correct
National ParkDeath Valley
95%
National Historic SiteGrant-Kohrs Ranch
94%
National ParkGrand Canyon
93%
National Recreation AreaLake Mead
93%
National ParkBryce Canyon
92%
National ParkCapitol Reef
92%
National Monument | National PreserveCraters of the Moon
92%
National Recreation AreaGlen Canyon
92%
National ParkGrand Teton
92%
ParkwayJohn D Rockefeller Jr
92%
National MonumentNatural Bridges
92%
National MonumentNavajo
92%
National MonumentRainbow Bridge
92%
National MonumentTule Springs Fossil Beds
92%
National ParkYellowstone
92%
National ParkYosemite
92%
National MonumentDevils Postpile
91%
National ParkKings Canyon
91%
National ParkSequoia
91%
National Recreation AreaBighorn Canyon
90%
National ParkCanyonlands
90%
National MonumentCedar Breaks
90%
National MonumentHovenweep
90%
National Historic SiteManzanar
90%
National MonumentPipe Spring
90%
National MonumentSunset Crater Volcano
90%
National MonumentWupatki
90%
National ParkZion
90%
National ParkJoshua Tree
89%
National ParkPinnacles
89%
National MonumentWalnut Canyon
89%
National PreserveMojave
88%
National MonumentCastle Mountain
87%
National Historic SiteEugene O'Neill
85%
National Historical ParkFirst State
85%
National Historic SiteFort Point
85%
National Recreation AreaGolden Gate
85%
National Historic SiteHampton
85%
National Historic SiteJohn Muir
85%
National MonumentMuir Woods
85%
National SeashorePoint Reyes
85%
National MemorialPort Chicago Naval Magazine
85%
National Historical ParkRosie the Riveter WWII Home Front
85%
National Historical ParkSan Francisco Maritime
85%
National MonumentCanyon de Chelly
84%
National Historic SiteHubbell Trading Post
84%
National MonumentLittle Bighorn Battlefield
84%
National BattlefieldBig Hole
83%
National ParkPetrified Forest
83%
National Historic SiteEdgar Allan Poe
82%
National Wild & Scenic RiverGreat Egg Harbor
82%
National Historic SiteHopewell Furnace
82%
National Historical ParkIndependence
82%
National Historical ParkManhattan Project
82%
National MonumentMontezuma Castle
82%
National ParkShenandoah
82%
National MemorialThaddeus Kosciuszko
82%
National Historical ParkValley Forge
82%
National Historic SiteAllegheny Portage Railroad
81%
National PreserveBig Cypress
81%
National ParkBiscayne
81%
National ParkDry Tortugas
81%
National ParkEverglades
81%
National MonumentFort McHenry
81%
Other DesignationNational Capital Parks
81%
National BattlefieldAntietam
80%
National Scenic TrailAppalachian
80%
National MemorialArlington House Robert E. Lee Memorial
80%
National MonumentBelmont-Paul Women's Equality
80%
National Historic SiteCarter G. Woodson Home
80%
Other DesignationCatoctin Mountain
80%
National Historical ParkChesapeake and Ohio Canal
80%
National Historic SiteClara Barton
80%
Other DesignationConstitution Gardens
80%
National MemorialDwight D. Eisenhower
80%
National Historic SiteEisenhower
80%
National Historic SiteFord's Theatre
80%
National Historic SiteFort Laramie
80%
National BattlefieldFort Necessity
80%
Other DesignationFort Washington
80%
National MemorialFranklin Delano Roosevelt
80%
National Historic SiteFrederick Douglass
80%
ParkwayGeorge Washington
80%
National MonumentGeorge Washington Birthplace
80%
National Military ParkGettysburg
80%
Other DesignationGreenbelt
80%
National Historical ParkHarpers Ferry
80%
National Historical ParkHarriet Tubman Underground Railroad
80%
National MemorialKorean War Veterans
80%
National MemorialLincoln
80%
National MemorialLyndon Baines Johnson Memorial Grove
80%
National Battlefield ParkManassas
80%
National MemorialMartin Luther King Jr
80%
National Historic SiteMary McLeod Bethune Council House
80%
National BattlefieldMonocacy
80%
Other DesignationNational Mall
80%
National Historic SitePennsylvania Avenue
80%
Other DesignationPiscataway
80%
National Scenic TrailPotomac Heritage
80%
Other DesignationPresident's Park (White House)
80%
Other DesignationPrince William Forest
80%
Other DesignationRock Creek Park
80%
National MonumentScotts Bluff
80%
National MemorialTheodore Roosevelt Island
80%
National MemorialThomas Jefferson
80%
National Historic SiteThomas Stone
80%
National MonumentTuzigoot
80%
National MemorialVietnam Veterans
80%
National MemorialWashington Monument
80%
Other DesignationWolf Trap
80%
National MemorialWorld War I
80%
National MemorialWorld War II Memorial
80%
National Historical ParkCedar Creek & Belle Grove
79%
National MemorialFlight 93
79%
National Military ParkFredericksburg & Spotsylvania
79%
National MemorialJohnstown Flood
78%
National ParkBlack Canyon of the Gunnison
77%
National MonumentCésar E. Chávez
77%
National Recreation AreaCurecanti
77%
National Recreation AreaSanta Monica Mountains
77%
National ParkChannel Islands
76%
National Historic SiteMaggie L. Walker
76%
National Battlefield ParkRichmond
76%
National ParkBadlands
75%
National Historical ParkCumberland Gap
75%
National ParkGreat Smoky Mountains
75%
National MonumentJewel Cave
75%
National MemorialMount Rushmore
75%
National ParkWind Cave
75%
National Historical ParkAppomattox Court House
74%
National Military ParkChickamauga and Chattanooga
74%
National MonumentDevils Tower
74%
National Historic SiteMinuteman Missile
74%
National Wild & Scenic RiverObed
74%
National MonumentRussell Cave
74%
National MonumentAgate Fossil Beds
73%
National RiverBig South Fork
73%
National MonumentCamp Nelson
73%
National Wild & Scenic RiverDelaware
73%
National Recreation AreaDelaware Water Gap
73%
National MonumentDinosaur
73%
National ParkMammoth Cave
73%
National MonumentMill Springs Battlefield
73%
National Historical ParkMorristown
73%
National BattlefieldStones River
73%
National ParkArches
72%
National BattlefieldPetersburg
72%
National Historic SiteSteamtown
72%
National MonumentAztec Ruins
71%
National Historical ParkColonial
71%
National MemorialDe Soto
71%
National Historical ParkKlondike Gold Rush
71%
National ParkMesa Verde
71%
National ParkMount Rainier
71%
National MonumentFort Monroe
70%
National Historic SiteMinidoka
70%
National ParkOlympic
70%
ParkwayBlue Ridge Parkway
69%
National Recreation AreaLake Chelan
69%
National ParkNorth Cascades
69%
National Historical ParkThomas Edison
69%
National Wild & Scenic RiverUpper Delaware
69%
National MonumentYucca House
69%
National ParkCrater Lake
68%
National ReserveEbey's Landing
68%
National Historic SiteFriendship Hill
68%
National Park | National PreserveLake Clark
68%
National ParkLassen Volcanic
68%
National MonumentLava Beds
68%
National MonumentOregon Caves
68%
National ParkRedwood
68%
National Recreation AreaRoss Lake
68%
National Historical ParkSan Juan Island
68%
National Historic SiteSpringfield Armory
68%
National MonumentTule Lake
68%
National Recreation AreaWhiskeytown
68%
National Historic SiteCarl Sandburg Home
67%
National Historical ParkWeir Farm
67%
National MonumentColorado
66%
National BattlefieldCowpens
66%
National Park | National PreserveDenali
66%
National SeashoreFire Island
66%
National ParkGreat Basin
66%
National Historic SiteAndrew Johnson
65%
National SeashoreAssateague Island
65%
National Historic SiteEleanor Roosevelt
65%
National ParkGlacier
65%
National Park | National PreserveGreat Sand Dunes
65%
National Historic SiteHome of Franklin D Roosevelt
65%
National Historic SiteMartin Van Buren
65%
National Historic SiteFort Vancouver
64%
National Military ParkKings Mountain
64%
National Historic SiteNinety Six
64%
National Historic SiteSagamore Hill
64%
National Historic SiteSaint Paul's Church
64%
National Historic SiteVanderbilt Mansion
64%
National Historic SiteFort Davis
63%
National Recreation AreaGateway
63%
National MemorialGeneral Grant
63%
National MemorialHamilton Grange
63%
National Historical ParkLewis and Clark
63%
National Historical ParkPaterson Great Falls
63%
National MonumentAfrican Burial Ground
62%
National MonumentCastle Clinton
62%
National MemorialFederal Hall
62%
National MonumentGovernors Island
62%
National MemorialRoger Williams
62%
National MonumentStatue Of Liberty
62%
National MonumentStonewall
62%
National Historic SiteTheodore Roosevelt Birthplace
62%
National Recreation AreaChattahoochee River
61%
National PreserveLittle River Canyon
61%
National ParkRocky Mountain
61%
National MonumentFlorissant Fossil Beds
60%
National Battlefield ParkKennesaw Mountain
60%
National Historical ParkMartin Luther King Jr.
60%
National Recreation AreaAmistad
59%
National ParkBig Bend
58%
National Wild & Scenic RiverRio Grande
58%
National RiverBuffalo
57%
National Historical ParkGeorge Rogers Clark
57%
National Military ParkPea Ridge
57%
National MonumentCabrillo
56%
National MonumentJohn Day Fossil Beds
56%
National ParkAcadia
54%
National MonumentKatahdin Woods And Waters
54%
International Historic SiteSaint Croix Island
54%
National Historical ParkChaco Culture
52%
National MonumentEl Malpais
51%
National BattlefieldFort Donelson
51%
National MonumentSalinas Pueblo Missions
51%
National ParkCarlsbad Caverns
50%
National MemorialChamizal
50%
National ParkGuadalupe Mountains
50%
National RiverOzark
50%
National MonumentTimpanogos Cave
50%
National ParkWhite Sands
50%
National MemorialArkansas Post
49%
National ParkGateway Arch
49%
National MonumentGila Cliff Dwellings
49%
National ParkNew River Gorge
49%
National Historical ParkSte. Geneviève
49%
National Historic SiteUlysses S Grant
49%
National Wild & Scenic RiverBluestone
48%
National Historic SiteClinton Birthplace Home
48%
National Historic SiteFort Smith
48%
National ParkHot Springs
48%
National Historic SiteLittle Rock Central High School
48%
National MonumentBooker T Washington
47%
National Recreation AreaGauley River
47%
National Military ParkGuilford Courthouse
47%
National Historical ParkAbraham Lincoln Birthplace
46%
National Wild & Scenic RiverNiobrara
46%
National MonumentPoverty Point
46%
National ParkHaleakala
45%
National Historical ParkKalaupapa
45%
National Historical ParkKaloko-Honokohau
45%
National MonumentPetroglyph
45%
National Historic SitePuukohola Heiau
45%
National Historical ParkBlackstone River Valley
43%
National Historic SiteFrederick Law Olmsted
43%
National Historic SiteJohn F Kennedy
43%
National MemorialLincoln Boyhood
43%
National Historic SiteLongfellow
43%
National Historical ParkLowell
43%
National Historical ParkMinute Man
43%
National Historic SiteWilliam Howard Taft
43%
National Historical ParkAdams
42%
National Historical ParkBoston
42%
National Historic SiteBoston African American
42%
National Recreation AreaBoston Harbor Islands
42%
National Wild & Scenic RiverSaint Croix
42%
National Historical ParkSaint-Gaudens
42%
National Historic SiteSalem Maritime
42%
National Historic SiteSaugus Iron Works
42%
National LakeshoreApostle Islands
41%
National MonumentEl Morro
41%
National ParkHawaii Volcanoes
41%
National Historical ParkHopewell Culture
41%
National Historical ParkPu`uhonua O Honaunau
41%
National MonumentBandelier
40%
National MonumentCasa Grande Ruins
40%
National MonumentGrand Portage
40%
National MonumentHohokam Pima
40%
National Historic SiteLincoln Home
40%
National Historical ParkNew Bedford Whaling
40%
National MonumentTonto
40%
National PreserveValles Caldera
40%
National SeashoreCape Cod
39%
National ParkIsle Royale
38%
National Historical ParkKeweenaw
38%
National Historic SiteFirst Ladies
37%
National MonumentFossil Butte
37%
National ParkCuyahoga Valley
36%
National Historic SiteJames A Garfield
36%
National MemorialPerry's Victory & International Peace
36%
National LakeshorePictured Rocks
36%
National Battlefield ParkRiver Raisin
36%
National ParkCongaree
34%
National MonumentFort Pulaski
34%
National Historical ParkSaratoga
34%
National Historic SiteCharles Pinckney
33%
National Historical ParkFort Sumter and Fort Moultrie
33%
National Historical ParkReconstruction Era
33%
National MemorialCoronado
32%
National Historical ParkMarsh - Billings - Rockefeller
32%
National ParkSaguaro
32%
National Historical ParkTumacácori
32%
National MonumentChiricahua
31%
National Historic SiteFort Bowie
31%
National ParkIndiana Dunes
31%
National BattlefieldMoores Creek
31%
National MonumentOrgan Pipe Cactus
31%
National MonumentPullman
31%
National Historical ParkPecos
29%
National MonumentCapulin Volcano
28%
National MonumentFort Union
28%
National Historic SiteFort Union Trading Post
28%
National ParkGlacier Bay
28%
National Historic SiteKnife River Indian Villages
28%
National ParkTheodore Roosevelt
28%
National ParkKatmai
27%
National ParkKenai Fjords
27%
National MonumentGeorge Washington Carver
26%
National PreserveGlacier Bay
26%
National ParkVoyageurs
26%
National Park | National PreserveWrangell - St Elias
26%
National Recreation AreaLake Roosevelt
25%
National BattlefieldWilson's Creek
25%
National Historic SiteBent's Old Fort
24%
National MonumentBuck Island Reef
24%
National Historic SiteChristiansted
24%
National Park | National PreserveGates of the Arctic
24%
National ParkKobuk Valley
24%
National PreserveNoatak
24%
National Historical ParkSalt River Bay
24%
National Historic SiteSan Juan
24%
National ParkVirgin Islands
24%
National MonumentVirgin Islands Coral Reef
24%
National Wild & Scenic RiverAlagnak
22%
National PreserveKatmai
22%
National ParkNational Park of American Samoa
22%
National MonumentBirmingham Civil Rights
20%
National Historical ParkSitka
20%
National Historic SiteHonouliuli
19%
National MemorialPearl Harbor
19%
National SeashoreCumberland Island
18%
National MonumentFort Frederica
18%
National MonumentFreedom Riders
18%
National Military ParkHorseshoe Bend
18%
National Historical ParkOcmulgee
18%
National ReserveCity of Rocks
16%
National Historical ParkGolden Spike
16%
National MonumentMedgar and Myrlie Evers Home
16%
National Historical ParkNatchez
16%
National Historic SiteTuskegee Airmen
16%
National Historic SiteTuskegee Institute
16%
National Military ParkVicksburg
16%
National Historic SiteAndersonville
15%
National Monument | National PreserveAniakchak
15%
National MonumentEffigy Mounds
15%
National Historic SiteFort Scott
15%
National SeashoreGulf Islands
15%
National MonumentHagerman Fossil Beds
15%
National Historical ParkJean Lafitte
15%
National Historical ParkJimmy Carter
15%
National Historical ParkCane River Creole
14%
ParkwayNatchez Trace
14%
National Scenic TrailNatchez Trail
14%
National MemorialFort Caroline
13%
National MonumentFort Matanzas
13%
National Historical ParkNew Orleans Jazz
13%
National PreserveTimucuan
13%
National SeashoreCape Hatteras
12%
National MonumentCape Krusenstern
12%
National MonumentCastillo de San Marcos
12%
National Historic SiteFort Raleigh
12%
National MonumentFort Stanwix
12%
National RiverMississippi
12%
National Military ParkShiloh
12%
National MemorialWright Brothers
12%
National Battlefield SiteBrices Cross Roads
11%
National SeashoreCanaveral
11%
National SeashoreCape Lookout
11%
National Historic SiteHarry S Truman
11%
National PreserveTallgrass Prairie
11%
National BattlefieldTupelo
11%
National Historical ParkBrown V Board Of Education
10%
National Historical ParkNez Perce
10%
National Historic SiteWhitman Mission
10%
National MonumentCharles Young Buffalo Soldiers
9%
National Historical ParkDayton Aviation Heritage
9%
National Historical ParkSan Antonio Missions
9%
National PreserveBig Thicket
8%
National Historical ParkHarriet Tubman
8%
National Historical ParkHomestead
8%
National LakeshoreSleeping Bear Dunes
8%
National Historic SiteHerbert Hoover
7%
National Historical ParkLyndon B Johnson
7%
National Wild & Scenic RiverMissouri
7%
National MonumentWaco Mammoth
7%
National MonumentPipestone
6%
National Historic SiteSand Creek Massacre
6%
National Historical ParkWomen's Rights
6%
National SeashorePadre Island
5%
National MonumentAlibates Flint Quarries
4%
National Recreation AreaChickasaw
4%
National Historic SiteFort Larned
4%
National Recreation AreaLake Meredith
4%
National Historical ParkPalo Alto Battlefield
4%
National PreserveBering Land Bridge
3%
National Historic SiteTheodore Roosevelt Inaugural
3%
National Historic SiteNicodemus
2%
National Historical ParkWar in the Pacific
2%
National Historic SiteWashita Battlefield
2%
National PreserveYukon - Charley Rivers
1%

Score Distribution

Percentile by Number Answered

Percent of People with Each Score

Your Score History

You have not taken this quiz since the last reset